Bradford City Premier League XIs - Statistics

General Stats
  • This quiz has been taken 90 times
    80 since last reset
  • The average score is 7 of 17
Answer Stats
Answer % Correct
Stuart McCall
63%
Dean Windass
61%
Benito Carbone
59%
David Wetherall
54%
Dean Saunders
54%
Gunnar Halle
52%
Gary Walsh
46%
Ashley Ward
45%
Matt Clarke
41%
Peter Beagrie
41%
Wayne Jacobs
38%
Jamie Lawrence
34%
Andy O’Brien
32%
Lee Mills
29%
Peter Atherton
27%
Robert Molenaar
25%
Ian Nolan
21%
No matching quizzes found
Score Distribution
Percent of People with Each Score
Percentile by Number Answered
Your Score History
You have not taken this quiz since the last reset